Statistics for Portland Trail Blazers 2016-17 Roster

Click here to take the quiz!

General Stats

  • This quiz has been taken 212 times
    (168 since last reset)
  • The average score is 9 of 16

Answer Stats

Nbr Post Player % Correct
0GuardDamian Lillard
97%
3GuardCJ McCollum
92%
27CenterJusuf Nurkic
85%
8ForwardAl-Farouq Aminu
81%
11Forward-CenterMeyers Leonard
69%
-CoachTerry Stotts
65%
4ForwardMaurice Harkless
64%
1Guard-ForwardEvan Turner
58%
6GuardShabazz Napier
54%
23GuardAllen Crabbe
51%
17ForwardEd Davis
47%
21ForwardNoah Vonleh
42%
10ForwardJake Layman
38%
5Guard-ForwardPat Connaughton
31%
31CenterFestus Ezeli
28%
55GuardTim Quarterman
26%

Score Distribution

Percentile by Number Answered

Percent of People with Each Score

Your Score History

You have not taken this quiz since the last reset